Parent guarantees - the end of the line? (Record no. 78326)
[ view plain ]
| 000 -LEADER | |
|---|---|
| fixed length control field | 00696cab a2200205 4500 |
| 001 - CONTROL NUMBER | |
| control field | L136517 |
| 008 - FIXED-LENGTH DATA ELEMENTS--GENERAL INFORMATION | |
| fixed length control field | 070205n2007 000 0 eng u |
| 035 ## - SYSTEM CONTROL NUMBER | |
| System control number | (Sirsi) u136517 |
| 041 0# - LANGUAGE CODE | |
| Language code of text/sound track or separate title | eng |
| 100 1# - MAIN ENTRY--PERSONAL NAME | |
| Personal name | Clark, Louise |
| 245 00 - TITLE STATEMENT | |
| Title | Parent guarantees - the end of the line? |
| 260 ## - PUBLICATION, DISTRIBUTION, ETC. | |
| Date of publication, distribution, etc. | 2007 |
| 490 00 - SERIES STATEMENT | |
| Series statement | Estates Gazette |
| Volume/sequential designation | (0704) 27 January 2007, 181(1) |
| 520 ## - SUMMARY, ETC. | |
| Summary, etc. | Looks at the law on company voluntary agreements (CVAs) and weighs up the situation in light of the PRG Powerhouse Ltd test case which is due to be heard in March 2007. |
| 590 ## - LOCAL NOTE (RLIN) | |
| Local note | KA |
| 650 24 - SUBJECT ADDED ENTRY--TOPICAL TERM | |
| Topical term or geographic name entry element | COMPANY VOLUNTARY ARRANGEMENTS |
| 651 #4 - SUBJECT ADDED ENTRY--GEOGRAPHIC NAME | |
| Geographic name | MANAGEMENT-BUSINESS MANAGEMENT |
| 700 1# - ADDED ENTRY--PERSONAL NAME | |
| Personal name | Bhaloo, Zia |
| 942 ## - ADDED ENTRY ELEMENTS (KOHA) | |
| Suppress in OPAC | 0 |
| Withdrawn status | Lost status | Source of classification or shelving scheme | Damaged status | Not for loan | Home library | Current library | Shelving location | Date acquired | Total Checkouts | Full call number | Barcode | Date last seen | Copy number | Price effective from | Koha item type |
|---|---|---|---|---|---|---|---|---|---|---|---|---|---|---|---|
| Dewey Decimal Classification | London | London | Journal article | 05/02/2007 | L136517 | 136517-1001 | 06/08/2019 | 1 | 06/08/2019 | Journal article |